[Event "DSOL 2021"]
[Site "Germany"]
[Date "2021.03.19"]
[Round "6.3"]
[White "Wintzer, Joachim"]
[Black "Zart, Ruediger"]
[Result "1-0"]
[WhiteElo "1620"]
[BlackElo "2116"]
[Annotator "NA"]
[PlyCount "67"]
[EventDate "2021.01.18"]
[EventType "team-tourn"]
[EventCountry "GER"]
[SourceTitle "playchess.com"]
[Source "ChessBase"]
[SourceQuality "1"]
[WhiteTeam "SF Berlin I"]
[BlackTeam "SK Johanneum Eppendorf I"]

1. d4 Nf6 2. c4 g6 3. Nc3 d5 4. Nf3 Bg7 5. Qb3 dxc4 6. Qxc4 O-O 7. e4 a6 8. Be2 b5 9. Qb3 c5 10. dxc5 Nc6 11. O-O b4 12. Nd5 Nxe4 13. Qc4 Nf6 14. Nb6 Be6 15. Qh4 Ra7 16. Rd1 Qe8 17. a3 b3 18. Bh6 Bf5 19. h3 e5 20. Rac1 Bc2 21. Rd2 e4 22. Bxg7 Kxg7 23. Rd6 Ng8 24. Ne1 e3 25. Nxc2 bxc2 26. Rxc2 Re7 27. fxe3 Rxe3 28. Nd7 Rxe2 29. Rxe2 Qxe2 30. Nxf8 Qe3+ 31. Qf2 Qe4 32. Nd7 Ne5 33. Nxe5 Qxe5 34. Qd4 1-0

[Event "DSOL 2021"]
[Site "Germany"]
[Date "2021.03.17"]
[Round "6.3"]
[White "Jacobse, Leon"]
[Black "Pauli, Walter"]
[Result "1-0"]
[WhiteElo "1616"]
[BlackElo "1803"]
[Annotator "NA RC"]
[PlyCount "77"]
[EventDate "2021.01.18"]
[EventType "team-tourn"]
[EventCountry "GER"]
[SourceTitle "playchess.com"]
[Source "ChessBase"]
[SourceQuality "1"]

1. e4 e5 2. Nf3 d6 3. Bc4 Be7 4. O-O Nf6 5. Nc3 O-O 6. d4 Nbd7 7. Bg5 c6 8. Bb3 Qc7 9. Qe2 b6 10. Rad1 a5 11. a4 exd4 12. Nxd4 Nc5 13. Nxc6 Nxb3 14. Nxe7+ Qxe7 15. Nd5 Nxd5 16. Bxe7 Nxe7 17. cxb3 Ba6 18. Qd2 Bxf1 19. Kxf1 Rfd8 20. Qd4 Rab8 21. Rd3 Nc6 22. Qc3 Nb4 23. Rg3 g6 24. h4 Rbc8 25. Qe3 Rc2 26. Kg1 Rdc8 27. Qxb6 Rxb2 28. h5 Rcc2 29. h6 f5 30. Qd8+ Kf7 31. Qd7+ Kf6 32. Qxd6+ Kf7 33. exf5 Rxf2 34. fxg6+ hxg6 35. Qxg6+ Ke7 36. Re3+ Kd7 37. Qe8+ Kd6 38. Qd8+ Kc5 39. Rc3# 1-0

[Event "DSOL 2021"]
[Site "Germany"]
[Date "2021.03.17"]
[Round "6.3"]
[White "Kleinert, Juergen"]
[Black "Hessmer, Dietrich"]
[Result "1-0"]
[WhiteElo "1608"]
[BlackElo "1620"]
[Annotator "NA RC"]
[PlyCount "57"]
[EventDate "2021.01.18"]
[EventType "team-tourn"]
[EventCountry "GER"]
[SourceTitle "playchess.com"]
[Source "ChessBase"]
[SourceQuality "1"]

1. e4 e5 2. Nc3 Nf6 3. f4 Nc6 4. fxe5 Nxe5 5. d4 Nc6 6. e5 Ng8 7. Nf3 d5 8. Bd3 Nxd4 9. Nxd4 Qh4+ 10. g3 Qe7 11. Nxd5 Qd7 12. Nb5 c6 13. Nbc7+ Kd8 14. Bg5+ Ne7 15. Nxe7 Kxc7 16. Nxc8 Qd5 17. Kd2 f6 18. Be3 fxe5 19. Qg4 Rxc8 20. Qe4 Rd8 21. Rhe1 Qxe4 22. Bb6+ axb6 23. Rxe4 Bd6 24. Rae1 Rhf8 25. R1e2 Rf6 26. Rh4 h6 27. Rg4 Rd7 28. h4 Rf3 29. h5 1-0

[Event "DSOL 2021"]
[Site "Germany"]
[Date "2021.03.15"]
[Round "6.3"]
[White "Meissner, Thomas"]
[Black "Rosenkraenzer, Torsten"]
[Result "0-1"]
[WhiteElo "1592"]
[BlackElo "2029"]
[Annotator "TA"]
[PlyCount "70"]
[EventDate "2021.01.18"]
[EventType "team-tourn"]
[EventCountry "GER"]
[SourceTitle "playchess.com"]
[Source "ChessBase"]
[SourceQuality "1"]

1. d4 d5 2. c4 e6 3. Nc3 Bb4 4. e3 Nf6 5. Bd3 e5 6. cxd5 Qxd5 7. dxe5 Qxg2 8. Qf3 Qxf3 9. Nxf3 Nd5 10. Bd2 Nxc3 11. bxc3 Be7 12. Rg1 g6 13. Nd4 Nd7 14. f4 Nc5 15. Bc2 b6 16. Nb5 Bd8 17. c4 Be6 18. Na3 Bh4+ 19. Ke2 O-O-O 20. Rac1 h5 21. e4 Bg4+ 22. Ke3 Bf2+ 23. Kxf2 Rxd2+ 24. Kg3 Rhd8 25. Nb1 Re2 26. Rgd1 Re3+ 27. Kf2 Rxd1 28. Bxd1 Rh3 29. Bxg4+ hxg4 30. Kg2 Nxe4 31. Re1 Nc5 32. Re2 Kd7 33. Nd2 Ke6 34. Nf1 Nd3 35. Re4 Kf5 0-1

[Event "DSOL 2021"]
[Site "Germany"]
[Date "2021.03.15"]
[Round "6.3"]
[White "Lang, Nico"]
[Black "Denzer, Johannes"]
[Result "1/2-1/2"]
[WhiteElo "1582"]
[BlackElo "1858"]
[Annotator "NA RC"]
[PlyCount "67"]
[EventDate "2021.01.18"]
[EventType "team-tourn"]
[EventCountry "GER"]
[SourceTitle "playchess.com"]
[Source "ChessBase"]
[SourceQuality "1"]

1. e4 e5 2. Nf3 Nc6 3. Bb5 Nf6 4. O-O Nxe4 5. Re1 Nd6 6. Nxe5 Be7 7. Bf1 Nxe5 8. Rxe5 O-O 9. d4 Bf6 10. Re1 Re8 11. c3 Rxe1 12. Qxe1 Nf5 13. Bf4 d6 14. Nd2 g5 15. Bg3 h5 16. h3 Nxg3 17. fxg3 Bf5 18. Qe3 Kg7 19. Bd3 Bxd3 20. Qxd3 Qe7 21. Ne4 Re8 22. Nxf6 Qxf6 23. Rf1 Qe7 24. Qf5 f6 25. h4 b6 26. Kh2 Qe6 27. hxg5 Qxf5 28. Rxf5 fxg5 29. Rxg5+ Kh6 30. Rf5 Kg6 31. Rf2 Re1 32. g4 hxg4 33. Kg3 Kg5 34. Rf7 1/2-1/2

[Event "DSOL 2021"]
[Site "Germany"]
[Date "2021.03.17"]
[Round "6.3"]
[White "Paetsch, Hanno"]
[Black "Schmidt, Hendrik"]
[Result "1-0"]
[WhiteElo "1568"]
[BlackElo "1620"]
[Annotator "NA RC"]
[PlyCount "89"]
[EventDate "2021.01.18"]
[EventType "team-tourn"]
[EventCountry "GER"]
[SourceTitle "playchess.com"]
[Source "ChessBase"]
[SourceQuality "1"]

1. d4 f5 2. h3 Nf6 3. g4 d5 4. Qd3 g6 5. g5 Ne4 6. Nc3 Nc6 7. a3 e5 8. dxe5 Nxc3 9. Qxc3 d4 10. Qg3 Qd5 11. Bg2 Qc5 12. Bxc6+ Qxc6 13. Nf3 Qxc2 14. Nxd4 Qe4 15. Nf3 Be6 16. Qf4 Bd5 17. Qxe4 Bxe4 18. O-O O-O-O 19. Nd2 Bc2 20. b4 Bg7 21. f4 h6 22. Nf3 Be4 23. h4 Bxf3 24. Rxf3 hxg5 25. hxg5 Rh4 26. Kf2 Rd1 27. Rd3 Rhh1 28. Rxd1 Rxd1 29. Bb2 Rd2 30. Rb1 Bf8 31. Ke3 Rc2 32. Bd4 a5 33. Kd3 Ra2 34. Rb3 axb4 35. axb4 b6 36. b5 Ra4 37. Rc3 Bb4 38. Rc6 Kd8 39. Rxg6 Be7 40. Rc6 Ra3+ 41. Kc4 Ra4+ 42. Kd5 Rb4 43. e3 Rxb5+ 44. Ke6 Ra5 45. Rxb6 1-0

[Event "DSOL 2021"]
[Site "Germany"]
[Date "2021.03.16"]
[Round "6.3"]
[White "Nikolaus, Maik"]
[Black "Otte, Konstantin"]
[Result "1-0"]
[WhiteElo "1561"]
[BlackElo "1644"]
[Annotator "NA RC"]
[PlyCount "59"]
[EventDate "2021.01.18"]
[EventType "team-tourn"]
[EventCountry "GER"]
[SourceTitle "playchess.com"]
[Source "ChessBase"]
[SourceQuality "1"]

1. e4 c6 2. d4 d5 3. exd5 cxd5 4. c4 dxc4 5. Bxc4 Nf6 6. Nf3 e6 7. O-O Be7 8. Nc3 O-O 9. Bf4 b6 10. d5 exd5 11. Nxd5 Ba6 12. Bxa6 Nxa6 13. Nxe7+ Qxe7 14. Bd6 Qb7 15. Bxf8 Rxf8 16. Re1 h6 17. Qd3 Nc5 18. Qf5 Ne6 19. Rad1 Rd8 20. Rxd8+ Nxd8 21. Rd1 Ne6 22. h3 Kf8 23. Nd4 Ke7 24. Nxe6 fxe6 25. Qg6 Ne8 26. Rd3 Qc6 27. Rf3 Qc1+ 28. Kh2 Qg5 29. Qf7+ Kd8 30. Rd3+ 1-0

[Event "DSOL 2021"]
[Site "Germany"]
[Date "2021.03.19"]
[Round "6.3"]
[White "Dittrich, Gunnar"]
[Black "Strohmann, Andreas"]
[Result "0-1"]
[WhiteElo "1523"]
[BlackElo "1790"]
[Annotator "NA"]
[PlyCount "64"]
[EventDate "2021.01.18"]
[EventType "team-tourn"]
[EventCountry "GER"]
[SourceTitle "playchess.com"]
[Source "ChessBase"]
[SourceQuality "1"]
[WhiteTeam "SK Doppelbauer Kiel"]
[BlackTeam "SC Buer-Hassel"]

1. e4 d5 2. exd5 Nf6 3. d4 Nxd5 4. c4 Nb6 5. Nf3 Bg4 6. c5 Nd5 7. Qb3 Bxf3 8. Qxb7 Nd7 9. gxf3 e6 10. Bb5 Rb8 11. Bxd7+ Kxd7 12. Qxa7 Nb4 13. Qa4+ Nc6 14. a3 Qf6 15. O-O Qxf3 16. Rd1 Qg4+ 17. Kf1 Ra8 18. Qb3 Nxd4 19. c6+ Ke8 20. Qd3 Rd8 21. Nc3 Nxc6 22. Qe2 Qh3+ 23. Kg1 Nd4 24. Rxd4 Rxd4 25. Ne4 Qb3 26. Bf4 Qc4 27. Qxc4 Rxc4 28. f3 f5 29. b3 Rd4 30. Ng5 Rxf4 31. Nxe6 Rxf3 32. Re1 Kd7 0-1

[Event "DSOL 2021"]
[Site "Germany"]
[Date "2021.03.15"]
[Round "6.3"]
[White "Luthardt, Christopher"]
[Black "Kwasny, Alois"]
[Result "0-1"]
[WhiteElo "1520"]
[BlackElo "2020"]
[Annotator "TA"]
[PlyCount "60"]
[EventDate "2021.01.18"]
[EventType "team-tourn"]
[EventCountry "GER"]
[SourceTitle "playchess.com"]
[Source "ChessBase"]
[SourceQuality "1"]

1. e4 d6 2. d4 Nf6 3. Nc3 e5 4. f4 exd4 5. Qxd4 Be7 6. Nf3 O-O 7. Bc4 Nc6 8. Qf2 Ng4 9. Qe2 Na5 10. Bd2 Nxc4 11. Qxc4 c6 12. O-O-O Nf2 13. f5 Bd7 14. g4 b5 15. Qf1 Nxh1 16. Qxh1 b4 17. Ne2 a5 18. g5 d5 19. f6 dxe4 20. fxe7 Qxe7 21. Nfd4 c5 22. Nb3 Bg4 23. Qg2 Bf3 24. Qf2 a4 25. Na1 Rfd8 26. Re1 Rxd2 27. Kxd2 Qxg5+ 28. Nf4 Qxf4+ 29. Re3 Rd8+ 30. Kc1 Rd1# 0-1

[Event "DSOL 2021"]
[Site "Germany"]
[Date "2021.03.16"]
[Round "6.3"]
[White "Kania, Patrick"]
[Black "MarkusErnst81"]
[Result "1-0"]
[WhiteElo "1496"]
[BlackElo "1620"]
[Annotator "NA"]
[PlyCount "55"]
[EventDate "2021.01.18"]
[EventType "team-tourn"]
[EventCountry "GER"]
[SourceTitle "playchess.com"]
[Source "ChessBase"]
[SourceQuality "1"]

1. e4 e5 2. c3 Nc6 3. Bb5 Nf6 4. d3 Be7 5. Nf3 d6 6. h3 O-O 7. Bxc6 bxc6 8. Be3 c5 9. c4 Rb8 10. b3 h6 11. Nc3 a6 12. Qd2 Kh7 13. g4 Nxg4 14. hxg4 Bxg4 15. Ng5+ Kg8 16. f3 Bd7 17. Nh3 c6 18. O-O-O Kh7 19. Rdg1 Rg8 20. Ng5+ Bxg5 21. Bxg5 Qf8 22. Kc2 f6 23. Bxh6 gxh6 24. Rxg8 Kxg8 25. Rxh6 Kf7 26. Qh2 Qg8 27. Qh5+ Ke7 28. Rh7+ 1-0

[Event "DSOL 2021"]
[Site "Germany"]
[Date "2021.03.19"]
[Round "6.3"]
[White "Riemann, Jonas"]
[Black "Braun, Christian"]
[Result "0-1"]
[WhiteElo "1472"]
[BlackElo "2409"]
[Annotator "NA"]
[PlyCount "78"]
[EventDate "2021.01.18"]
[EventType "team-tourn"]
[EventCountry "GER"]
[SourceTitle "playchess.com"]
[Source "ChessBase"]
[SourceQuality "1"]
[WhiteTeam "SK Bickenbach I"]
[BlackTeam "Bayern München I"]

1. e4 c5 2. Nf3 e6 3. d4 cxd4 4. Nxd4 a6 5. Nc3 Qc7 6. Be3 Nf6 7. a3 Nc6 8. Be2 Be7 9. O-O O-O 10. f4 d6 11. Kh1 Re8 12. Rf3 Nxd4 13. Bxd4 e5 14. Bg1 exf4 15. Rxf4 d5 16. Qf1 Be6 17. Bd3 Rad8 18. Re1 d4 19. Ne2 Nh5 20. Rf3 Qe5 21. Bxd4 Rxd4 22. Nxd4 Qxd4 23. e5 g6 24. Re4 Qxb2 25. g4 Ng7 26. Bc4 Rf8 27. Bxe6 Nxe6 28. Re1 Qxc2 29. h3 Ng5 30. Rfe3 Qc6+ 31. Kh2 Bc5 32. Rd3 b6 33. Qe2 Re8 34. h4 Ne6 35. Qd2 Qa4 36. Kg3 Qc4 37. Rf1 Qe4 38. Rd7 Qxe5+ 39. Kh3 Rf8 0-1

[Event "DSOL 2021"]
[Site "Germany"]
[Date "2021.03.18"]
[Round "6.4"]
[White "Murkinson, Anton S."]
[Black "Stellmacher, Nico"]
[Result "0-1"]
[WhiteElo "2248"]
[BlackElo "1940"]
[Annotator "TA"]
[PlyCount "44"]
[EventDate "2021.01.18"]
[EventType "team-tourn"]
[EventCountry "GER"]
[SourceTitle "playchess.com"]
[Source "ChessBase"]
[SourceQuality "1"]

1. d4 Nf6 2. c4 g6 3. f3 Bg7 4. Nc3 O-O 5. e4 d6 6. Be3 e5 7. Qd2 exd4 8. Bxd4 Nc6 9. Be3 Be6 10. Rc1 Ne8 11. Bd3 Ne5 12. Nd5 Nxd3+ 13. Qxd3 c6 14. Nc3 Qh4+ 15. g3 Qe7 16. Nge2 f5 17. O-O Nf6 18. Nf4 fxe4 19. Nxe4 Nxe4 20. Qxe4 Rfe8 21. Bd4 Bf5 22. Qxe7 Bxd4+ 0-1

[Event "DSOL 2021"]
[Site "Germany"]
[Date "2021.03.18"]
[Round "6.4"]
[White "Nagel, Bernhard"]
[Black "Malek, Daniel"]
[Result "1/2-1/2"]
[WhiteElo "2180"]
[BlackElo "2348"]
[Annotator "TA"]
[PlyCount "109"]
[EventDate "2021.01.18"]
[EventType "team-tourn"]
[EventCountry "GER"]
[SourceTitle "playchess.com"]
[Source "ChessBase"]
[SourceQuality "1"]

1. c4 e5 2. Nc3 Bb4 3. g3 Bxc3 4. dxc3 d6 5. e4 Ne7 6. Bg2 O-O 7. Ne2 Be6 8. b3 Qd7 9. h3 Nbc6 10. Be3 f5 11. Qd3 fxe4 12. Bxe4 Bf5 13. O-O-O Bxe4 14. Qxe4 Qf5 15. Qg2 Qf3 16. Qxf3 Rxf3 17. g4 a6 18. a4 Rb8 19. Ng1 Rff8 20. Ne2 Rf3 21. Ng1 Rff8 22. Ne2 b5 23. cxb5 axb5 24. axb5 Rxb5 25. b4 Ra8 26. Kb2 Nd5 27. Ra1 Rxa1 28. Rxa1 Nxe3 29. fxe3 Rb8 30. Ra6 Nd8 31. Ra1 Ne6 32. Ng3 Rf8 33. Rf1 Rxf1 34. Nxf1 Ng5 35. h4 Nf3 36. h5 Kf7 37. Ng3 Nh2 38. g5 Nf3 39. Ne4 d5 40. g6+ hxg6 41. hxg6+ Kxg6 42. Nc5 Ng5 43. c4 dxc4 44. Kc3 Kf5 45. Kxc4 Ne4 46. Na6 g5 47. Kd3 g4 48. Ke2 Nc3+ 49. Kf2 Nd5 50. b5 e4 51. Kg3 Kg5 52. Nc5 Kf5 53. Na6 Kg5 54. Nc5 Kf5 55. Na6 1/2-1/2

[Event "DSOL 2021"]
[Site "Germany"]
[Date "2021.03.17"]
[Round "6.4"]
[White "Beyerlein, Andreas"]
[Black "Braun, Ingram"]
[Result "1/2-1/2"]
[WhiteElo "2169"]
[BlackElo "2055"]
[Annotator "NA"]
[PlyCount "92"]
[EventDate "2021.01.18"]
[EventType "team-tourn"]
[EventCountry "GER"]
[SourceTitle "playchess.com"]
[Source "ChessBase"]
[SourceQuality "1"]

1. e4 c5 2. Nf3 e6 3. b3 b6 4. Bb2 Bb7 5. Qe2 d6 6. d3 Nf6 7. Nbd2 Be7 8. O-O-O Nc6 9. h3 Qc7 10. Kb1 O-O-O 11. g4 Rhe8 12. Bg2 d5 13. Ng5 Rf8 14. e5 Nd7 15. h4 h6 16. Ngf3 Kb8 17. g5 Rh8 18. Bh3 g6 19. Rde1 h5 20. Rhg1 Rc8 21. Rg3 Bf8 22. Ng1 Bg7 23. f4 Ne7 24. Ngf3 Rhd8 25. d4 Bf8 26. Rc1 c4 27. c3 b5 28. Rgg1 Bc6 29. Kc2 Ka8 30. Ba3 Rb8 31. Bd6 Qa5 32. Ra1 Rb7 33. Rgb1 Nc8 34. Bxf8 Nxf8 35. Qe3 Ne7 36. Kd1 Rdb8 37. Ke2 Nd7 38. Kf2 Nf8 39. Kg3 Nf5+ 40. Bxf5 exf5 41. Rc1 Ne6 42. b4 Qa3 43. Rc2 Qa4 44. Rcc1 Qa3 45. Rc2 Qa4 46. Rcc1 Qa3 1/2-1/2

[Event "DSOL 2021"]
[Site "Germany"]
[Date "2021.03.17"]
[Round "6.4"]
[White "Common, Pierre-Alexandre"]
[Black "Frei, Peter"]
[Result "1/2-1/2"]
[WhiteElo "2159"]
[BlackElo "1620"]
[Annotator "TA"]
[PlyCount "69"]
[EventDate "2021.01.18"]
[EventType "team-tourn"]
[EventCountry "GER"]
[SourceTitle "playchess.com"]
[Source "ChessBase"]
[SourceQuality "1"]

1. c4 e5 2. Nc3 Nc6 3. g3 Nf6 4. Bg2 Bb4 5. e4 Nd4 6. a3 Be7 7. d3 d6 8. Nge2 Bg4 9. O-O Nxe2+ 10. Nxe2 Qd7 11. Qe1 Bh3 12. b4 h5 13. Bg5 Ng8 14. Bxe7 Nxe7 15. f3 Ng6 16. d4 O-O-O 17. Qf2 Bxg2 18. Kxg2 f5 19. dxe5 fxe4 20. Qxa7 exf3+ 21. Rxf3 Qc6 22. Nd4 Qe4 23. Qa8+ Kd7 24. e6+ Ke8 25. Qa4+ c6 26. Qc2 Qxc2+ 27. Nxc2 Ne5 28. Rf4 Ke7 29. Nd4 g6 30. Re1 Rhf8 31. Ref1 Rxf4 32. Rxf4 c5 33. bxc5 dxc5 34. Nb3 Rc8 35. Re4 1/2-1/2

[Event "DSOL 2021"]
[Site "Germany"]
[Date "2021.03.18"]
[Round "6.4"]
[White "Prange, Dieter"]
[Black "Koehler, Robin"]
[Result "0-1"]
[WhiteElo "2081"]
[BlackElo "1823"]
[Annotator "TA"]
[PlyCount "190"]
[EventDate "2021.01.18"]
[EventType "team-tourn"]
[EventCountry "GER"]
[SourceTitle "playchess.com"]
[Source "ChessBase"]
[SourceQuality "1"]

1. e4 c5 2. Nc3 d6 3. f4 g6 4. Nf3 Bg7 5. Be2 Nc6 6. O-O e6 7. d3 Nge7 8. Be3 O-O 9. d4 cxd4 10. Nxd4 Nxd4 11. Bxd4 e5 12. Be3 Be6 13. Bf3 exf4 14. Bd4 Bxd4+ 15. Qxd4 Nc6 16. Qd2 Qb6+ 17. Kh1 Ne5 18. b3 Qb4 19. a3 Qa5 20. Rfd1 Rac8 21. Nd5 Qxd2 22. Ne7+ Kg7 23. Rxd2 Rc7 24. Nd5 Bxd5 25. exd5 Rc3 26. Rf1 f5 27. Bd1 g5 28. Rd4 Kf6 29. Kg1 Nd7 30. Re1 Re3 31. Rf1 Ke5 32. Rc4 Nc5 33. a4 Ne4 34. Rc7 Nd2 35. Re7+ Kd4 36. Re1 Rxe1+ 37. Rxe1 Ne4 38. c4 g4 39. Be2 Kc3 40. Rc1+ Kb2 41. Re1 Nf6 42. Bd3 Ne4 43. b4 Kc3 44. Be2 b6 45. b5 Kd2 46. Kf1 Rc8 47. Bxg4 Rxc4 48. Bxf5 Ng5 49. h4 f3 50. g4 Nh3 51. Ra1 h6 52. g5 hxg5 53. Bxh3 g4 54. Bxg4 Rxg4 55. Kf2 Rxh4 56. Kxf3 Kd3 57. a5 Rb4 58. axb6 axb6 59. Rc1 Rc4 60. Rd1+ Kc3 61. Ke3 Kb4 62. Rb1+ Kc5 63. Kd3 Kxd5 64. Ke3 Kc5 65. Kd3 Rb4 66. Rc1+ Kxb5 67. Rc8 Rh4 68. Rd8 Kc5 69. Rc8+ Kd5 70. Rb8 Rh3+ 71. Kc2 Kc5 72. Rc8+ Kd5 73. Rb8 Kc6 74. Rc8+ Kd7 75. Rb8 Kc7 76. Re8 b5 77. Ra8 b4 78. Ra6 Kd7 79. Rb6 b3+ 80. Kb2 Ke6 81. Rb8 Ke5 82. Rb5+ d5 83. Rb4 d4 84. Rb8 Rc3 85. Rd8 Ke4 86. Rd7 Ke3 87. Re7+ Kd2 88. Rh7 Re3 89. Rd7 d3 90. Rb7 Ke2 91. Rh7 d2 92. Rh2+ Kd3 93. Rh1 Re1 94. Rh3+ Ke4 95. Rh4+ Kf5 0-1

[Event "DSOL 2021"]
[Site "Germany"]
[Date "2021.03.15"]
[Round "6.4"]
[White "Sommaro, Katja"]
[Black "Becker, Marco"]
[Result "1-0"]
[WhiteElo "2077"]
[BlackElo "1952"]
[Annotator "TA"]
[PlyCount "91"]
[EventDate "2021.01.18"]
[EventType "team-tourn"]
[EventCountry "GER"]
[SourceTitle "playchess.com"]
[Source "ChessBase"]
[SourceQuality "1"]

1. c4 e5 2. Nc3 f5 3. g3 Nf6 4. Bg2 Be7 5. d3 O-O 6. e3 d6 7. Nge2 Nbd7 8. O-O Rb8 9. b4 b6 10. Bb2 Bb7 11. Nd5 Nxd5 12. cxd5 Nf6 13. e4 Qd7 14. Qb3 Kh8 15. b5 a6 16. a4 axb5 17. axb5 Ra8 18. Bh3 Ng4 19. Rxa8 Rxa8 20. f3 Nh6 21. Bc1 g5 22. Bd2 Kg7 23. Nc3 Bc8 24. Nd1 Qd8 25. Bg2 f4 26. Nc3 Bd7 27. Na2 Qe8 28. Rb1 Ra7 29. Nc3 Qa8 30. Qc4 Bd8 31. d4 Nf7 32. Bf1 Bf6 33. Ne2 exd4 34. Nxd4 Ne5 35. Qe2 Ra2 36. Qd1 fxg3 37. hxg3 Qa3 38. Bc1 Qc3 39. Rb3 Qa1 40. Nc2 Rxc2 41. Qxc2 g4 42. Qxc7 gxf3 43. Bb2 Qe1 44. Bxe5 Bxe5 45. Qxd7+ Kh8 46. Rxf3 1-0

[Event "DSOL 2021"]
[Site "Germany"]
[Date "2021.03.18"]
[Round "6.4"]
[White "Ozeran, Volodymyr"]
[Black "Bajorski, Marius"]
[Result "0-1"]
[WhiteElo "2069"]
[BlackElo "1846"]
[Annotator "TA"]
[PlyCount "88"]
[EventDate "2021.01.18"]
[EventType "team-tourn"]
[EventCountry "GER"]
[SourceTitle "playchess.com"]
[Source "ChessBase"]
[SourceQuality "1"]

1. d4 Nf6 2. c4 e6 3. Nf3 d5 4. e3 b6 5. Nc3 Bb7 6. Bd2 Bd6 7. Rc1 O-O 8. Nb5 Ne4 9. Nxd6 cxd6 10. Be2 Nd7 11. O-O Rc8 12. Bb4 f5 13. Nd2 Ndf6 14. f3 Ng5 15. b3 Qd7 16. Ba3 Rc7 17. Qe1 Rfc8 18. Qg3 Nf7 19. Bd3 e5 20. Bb2 e4 21. fxe4 dxe4 22. Be2 d5 23. c5 Qe6 24. b4 Nd7 25. Nb3 Nb8 26. b5 Nh6 27. c6 Bxc6 28. bxc6 Rxc6 29. Rxc6 Nxc6 30. Ba6 Rf8 31. Ba3 Rf6 32. Rc1 f4 33. exf4 Rg6 34. Qh4 Nf5 35. Qe1 Nfxd4 36. Nxd4 Nxd4 37. Rc8+ Qxc8 38. Bxc8 Nf3+ 39. Kf2 Nxe1 40. Ke2 Nxg2 41. f5 Rc6 42. Be6+ Rxe6 43. fxe6 Nf4+ 44. Ke3 Nxe6 0-1

[Event "DSOL 2021"]
[Site "Germany"]
[Date "2021.03.16"]
[Round "6.4"]
[White "Blomel, Christopher"]
[Black "Cmiel, Thorsten"]
[Result "0-1"]
[WhiteElo "2060"]
[BlackElo "2083"]
[Annotator "NA RC"]
[PlyCount "53"]
[EventDate "2021.01.18"]
[EventType "team-tourn"]
[EventCountry "GER"]
[SourceTitle "playchess.com"]
[Source "ChessBase"]
[SourceQuality "1"]

1. e4 c6 2. d4 d5 3. f3 e6 4. Nc3 Bb4 5. Bf4 Nf6 6. e5 Nfd7 7. Qd2 Qa5 8. Bd3 c5 9. Be3 Nc6 10. Be2 cxd4 11. Bxd4 Nxd4 12. Qxd4 Bc5 13. Qa4 Qxa4 14. Nxa4 Bxg1 15. Rxg1 Nxe5 16. O-O-O Bd7 17. Nc5 Bc6 18. Rge1 Ng6 19. Bd3 Nf4 20. Bf1 b6 21. Na6 O-O 22. g3 Ng6 23. f4 Rfd8 24. h4 Bb7 25. h5 Ne7 26. g4 Nc6 27. Nb8 0-1

[Event "DSOL 2021"]
[Site "Germany"]
[Date "2021.03.17"]
[Round "6.4"]
[White "Forsback, Lenny"]
[Black "Schulze, Lara"]
[Result "1-0"]
[WhiteElo "2042"]
[BlackElo "2285"]
[Annotator "TA"]
[PlyCount "123"]
[EventDate "2021.01.18"]
[EventType "team-tourn"]
[EventCountry "GER"]
[SourceTitle "playchess.com"]
[Source "ChessBase"]
[SourceQuality "1"]

1. Nf3 Nf6 2. c4 e6 3. Nc3 Bb4 4. g3 d5 5. cxd5 exd5 6. d4 O-O 7. Bg2 c6 8. O-O Re8 9. a3 Bd6 10. b4 a6 11. Na4 Ne4 12. Qc2 Nd7 13. Nc5 Ndf6 14. Nd2 Nxd2 15. Qxd2 Qe7 16. e3 h5 17. h4 Bf5 18. a4 b6 19. Nd3 Bxd3 20. Qxd3 Bxb4 21. Bd2 Bxd2 22. Qxd2 Qd6 23. Rab1 b5 24. Rfc1 Ne4 25. Bxe4 Rxe4 26. Qc2 Re6 27. Rb3 b4 28. Kf1 a5 29. Qc5 Qxc5 30. Rxc5 Kf8 31. Ke2 Ke7 32. Rb2 Kd7 33. Rbc2 f6 34. Kd3 g5 35. f3 Rae8 36. e4 dxe4+ 37. fxe4 Rxe4 38. hxg5 Re3+ 39. Kc4 b3 40. Rb2 Rb8 41. Rxa5 Rxg3 42. gxf6 h4 43. Rh5 h3 44. a5 Rg2 45. Rxb3 Rxb3 46. Kxb3 h2 47. a6 Ke6 48. a7 Rg8 49. Rxh2 Kxf6 50. Ra2 Ra8 51. Kc4 Ke6 52. Kc5 Kd7 53. Rh2 Rc8 54. Rh7+ Ke6 55. Rh6+ Kd7 56. Kb6 Rg8 57. Rh7+ Kd6 58. Rb7 Rg1 59. a8=Q Rb1+ 60. Ka7 Ra1+ 61. Kb8 Rxa8+ 62. Kxa8 1-0

[Event "DSOL 2021"]
[Site "Germany"]
[Date "2021.03.19"]
[Round "6.4"]
[White "Wenzel, Birger"]
[Black "Modler, Andreas"]
[Result "0-1"]
[WhiteElo "2034"]
[BlackElo "1609"]
[Annotator "NA"]
[PlyCount "108"]
[EventDate "2021.01.18"]
[EventType "team-tourn"]
[EventCountry "GER"]
[SourceTitle "playchess.com"]
[Source "ChessBase"]
[SourceQuality "1"]
[WhiteTeam "SK Johanneum Eppendorf I"]
[BlackTeam "SF Berlin I"]

1. c4 c5 2. g3 Nc6 3. Bg2 g6 4. Nf3 Bg7 5. Nc3 d6 6. O-O e6 7. e3 Nge7 8. d4 O-O 9. d5 Na5 10. Nd2 exd5 11. cxd5 a6 12. a4 Rb8 13. e4 b5 14. axb5 axb5 15. f4 b4 16. Ne2 Re8 17. Nf3 Ba6 18. Re1 Bc4 19. Nd2 Bb5 20. Nf3 Nc4 21. Ra2 Ra8 22. Rxa8 Qxa8 23. b3 Nb2 24. Bxb2 Bxb2 25. Qc2 Bg7 26. e5 Nxd5 27. exd6 Ne3 28. Qd2 Nxg2 29. Kxg2 Bc6 30. Neg1 Bc3 31. Rxe8+ Qxe8 32. Qe2 Qd7 33. Qe7 Qxe7 34. dxe7 f6 35. Kf2 Kf7 36. Ne2 Bb2 37. Ne1 Bb5 38. Ke3 Kxe7 39. Nd3 Bxd3 40. Kxd3 Kd6 41. Kc4 f5 42. Ng1 Bf6 43. Nf3 h6 44. h4 h5 45. Ne1 Bc3 46. Nd3 Bd4 47. Nxb4 Bf2 48. Nd3 Bxg3 49. Nxc5 Bxh4 50. b4 Bf2 51. Nd3 Be3 52. Ne5 h4 53. Kd3 h3 54. Nc4+ Kc7 0-1

[Event "DSOL 2021"]
[Site "Germany"]
[Date "2021.03.16"]
[Round "6.4"]
[White "Schneider, Jens Erik"]
[Black "De Albuquerque Mello Pereira, Felipe"]
[Result "0-1"]
[WhiteElo "2026"]
[BlackElo "1935"]
[Annotator "TA"]
[PlyCount "66"]
[EventDate "2021.01.18"]
[EventType "team-tourn"]
[EventCountry "GER"]
[SourceTitle "playchess.com"]
[Source "ChessBase"]
[SourceQuality "1"]

1. d4 d5 2. c4 e6 3. Nc3 Be7 4. e3 Nf6 5. Bd2 O-O 6. c5 b6 7. b4 a5 8. a3 c6 9. f4 Ba6 10. Be2 Bxe2 11. Ngxe2 Nbd7 12. O-O Qc7 13. h3 Ra6 14. g4 g6 15. Kg2 Rfa8 16. Rb1 axb4 17. axb4 b5 18. Ng3 Ne8 19. g5 Ng7 20. h4 Nf5 21. Rh1 Ra3 22. Nxf5 exf5 23. h5 Nf8 24. Rh2 Ne6 25. Qf3 Bd8 26. Rf1 Nf8 27. Rfh1 Qe7 28. hxg6 fxg6 29. Rh6 R8a7 30. Nxd5 cxd5 31. Qxd5+ Qe6 32. Qxd8 Qe4+ 33. Kg3 Rxe3+ 0-1